000 00508nam a2200193Ia 4500
003 GCL
008 140319s9999 xx 000 0 eng d
040 _aGCL /
_cGCL
082 0 4 _a658.11
_bS Q
100 1 _aSLATER, ROGER
245 1 0 _aQUANTITIVE TECHINQUES IN ABUSINESS CANTEXT /
_cSLATER, ROGER
700 1 _aASCROFT PETER
260 _a[S.N] :
_bE & FN SPON ،
_c1992
300 _a391
650 0 4 _aMATHEMATICAL MODELS
650 0 4 _aBUSINESS
650 0 4 _aINDUSTRIAL MANAGEMENT
942 _2ddc
_cBK
999 _c16693
_d16693